Využití ekonometrických metod v marketinkové orientaci potravinářské podnikatelské sféry.

Využitie ekonometrických metód odvodených z regresných funkcií pri zabezpečení požadovaného spotrebiteľského dopytu po potravinách. Využiteľnosť regresných funkcií pri vypracovaní prognóz predpokladaného vývoja spotreby najdôležitejších živín.

Guardado en:
Detalles Bibliográficos
Autor principal: Linhart, K.
Otros Autores: Froněk, P.
Formato: Capítulo de libro
Lenguaje:checo
Materias:
Etiquetas: Agregar Etiqueta
Sin Etiquetas, Sea el primero en etiquetar este registro!

MARC

LEADER 00000naa a2200000 4500
001 r004613
005 20221125081653.3
041 0 |a cze 
044 |a [CS] 
245 1 0 |a Využití ekonometrických metod v marketinkové orientaci potravinářské podnikatelské sféry.  |c K. Linhart, P. Froněk 
520 |a Využitie ekonometrických metód odvodených z regresných funkcií pri zabezpečení požadovaného spotrebiteľského dopytu po potravinách. Využiteľnosť regresných funkcií pri vypracovaní prognóz predpokladaného vývoja spotreby najdôležitejších živín. 
610 2 0 |a potravinárstvo 
610 2 0 |a potraviny 
610 2 0 |a funkcie regresné 
610 2 0 |a dopyt 
610 2 0 |a spotreba potravín 
610 2 0 |a ekonometria 
610 2 0 |a metódy ekonometrické 
610 2 0 |a marketing 
610 2 0 |a podnikanie 
100 1 |a Linhart, K. 
700 1 |a Froněk, P.